[Event "UzChess Cup Masters"]
[Site "Tashkent UZB"]
[Date "2025.06.23"]
[Round "5.4"]
[White "Shamsiddin Vokhidov"]
[Black "Arjun Erigaisi"]
[Result "0-1"]
[EventDate "2025.06.19"]
[WhiteElo "2644"]
[BlackElo "2782"]
[PlyCount "136"]

1. e4 e5 2. Nf3 Nc6 3. Bb5 a6 4. Ba4 Nf6 5. O-O d6 6. c3 Bd7 7. d4 g6 8. Re1 Bg7 9. h3 O-O 10. Nbd2 exd4 11. cxd4 Nb4 12. Bxd7 Qxd7 13. Nf1 c5 14. a3 Nc6 15. d5 Na5 16. Bd2 Nc4 17. Bc3 b5 18. b3 Nb6 19. Qd2 a5 20. Ng3 a4 21. b4 Nc4 22. Qd3 Rfe8 23. Nd2 Ne5 24. Bxe5 c4 25. Qc2 Rxe5 26. Rad1 Rae8 27. Re2 R5e7 28. Rde1 Qb7 29. Nf3 Nd7 30. Re3 Qb6 31. R3e2 h5 32. Nf1 Rc8 33. Ne3 Ne5 34. Nxe5 Bxe5 35. Nf1 c3 36. Ne3 Bg7 37. Qd3 h4 38. Kf1 Qb7 39. Rc1 Qd7 40. Rce1 Kf8 41. Rc1 Kg8 42. Rce1 Kh8 43. Rc1 Rc7 44. Rce1 Kh7 45. Rc1 Kg8 46. Rce1 Kh8 47. Rc1 Rc8 48. Rce1 Qe8 49. f3 Kg8 50. Rc1 Rec7 51. Rcc2 Kh8 52. Ke1 Qe5 53. Kd1 Re7 54. Ng4 Qf4 55. Qxb5 f5 56. Nf2 Qh2 57. Nd3 fxe4 58. Rxe4 Rxe4 59. fxe4 Qg1+ 60. Ne1 Be5 61. Re2 Bg3 62. Kc2 Bxe1 63. Qd7 Rg8 64. Qxd6 Qf1 65. Qe5+ Kh7 66. Kd3 c2 67. Qc7+ Rg7 68. Qxc2 Bg3 0-1

[Event "UzChess Cup Masters"]
[Site "Tashkent UZB"]
[Date "2025.06.22"]
[Round "4.3"]
[White "Arjun Erigaisi"]
[Black "Nodirbek Abdusattorov"]
[Result "1/2-1/2"]
[EventDate "2025.06.19"]
[WhiteElo "2782"]
[BlackElo "2767"]
[PlyCount "120"]

1. e4 e5 2. Nf3 Nc6 3. Bb5 Nf6 4. d3 Bc5 5. c3 O-O 6. O-O Re8 7. Bg5 h6 8. Bh4 Be7 9. Bg3 d6 10. h3 Bd7 11. Nbd2 Nh5 12. Bh2 Bg5 13. Nxg5 Qxg5 14. Nf3 Qf6 15. Re1 a6 16. Bc4 Nf4 17. d4 Rad8 18. Bxf4 Qxf4 19. Qc1 Qf6 20. Qe3 Ne7 21. Bf1 Ng6 22. Kh2 exd4 23. cxd4 c5 24. Qd2 Bc6 25. d5 Bb5 26. Bxb5 axb5 27. a3 Ra8 28. Re3 b4 29. Rae1 bxa3 30. Rxa3 Rxa3 31. bxa3 b5 32. Qe3 Qb2 33. Re2 Qb1 34. Nd2 Qa1 35. Re1 Qe5+ 36. g3 Qb2 37. Rb1 Qc2 38. Rxb5 c4 39. Kg2 c3 40. Nf3 Rc8 41. Qe1 Qd3 42. Rb1 c2 43. Rc1 Qxa3 44. Qd2 Qa4 45. Qe2 Rc4 46. Qd2 Rc5 47. Qe2 Rc4 48. Qd2 f6 49. Ne1 Rxe4 50. Nxc2 Rc4 51. Ne3 Rxc1 52. Qxc1 Qe4+ 53. Kg1 Ne5 54. Qc8+ Kf7 55. Qe6+ Kg6 56. Qxd6 Nf3+ 57. Kg2 Ng5+ 58. Kh2 Nf3+ 59. Kg2 Ng5+ 60. Kh2 Nf3+ 1/2-1/2

[Event "UzChess Cup Masters"]
[Site "Tashkent UZB"]
[Date "2025.06.21"]
[Round "3"]
[White "I Nepomniachtchi"]
[Black "Arjun Erigaisi"]
[Result "1/2-1/2"]
[EventDate "2025.06.18"]
[WhiteElo "2757"]
[BlackElo "2782"]
[PlyCount "64"]

1. e4 e5 2. Nf3 Nc6 3. Bb5 a6 4. Ba4 Nf6 5. O-O Nxe4 6. d4 b5 7. Bb3 d5 8. dxe5 Be6 9. c3 Bc5 10. Bc2 O-O 11. Nbd2 Nxf2 12. Rxf2 f6 13. Nf1 Bxf2+ 14. Kxf2 fxe5 15. Kg1 Qd6 16. Be3 Rad8 17. Qe1 Bf5 18. Bxf5 Rxf5 19. Rd1 h6 20. Bf2 e4 21. Nd4 Nxd4 22. cxd4 Rdf8 23. Rd2 Qb4 24. a3 Qb3 25. h3 R5f7 26. Ng3 Rf6 27. Kh2 a5 28. Nh5 Rf5 29. Ng3 R5f6 30. Nh5 Rf5 31. Ng3 R5f6 32. Nh5 1/2-1/2

[Event "UzChess Cup Masters"]
[Site "Tashkent UZB"]
[Date "2025.06.20"]
[Round "2"]
[White "Arjun Erigaisi"]
[Black "Parham Maghsoodloo"]
[Result "1/2-1/2"]
[EventDate "2025.06.18"]
[WhiteElo "2782"]
[BlackElo "2691"]
[PlyCount "70"]

1. e4 c5 2. Nf3 e6 3. d4 cxd4 4. Nxd4 Nc6 5. Nc3 Qc7 6. Be3 a6 7. a3 b5 8. Nxc6 Qxc6 9. h4 Nf6 10. h5 h6 11. e5 Ne4 12. Bd4 Nxc3 13. Bxc3 Qe4+ 14. Qe2 Bb7 15. Qxe4 Bxe4 16. O-O-O Be7 17. Rd4 Bc6 18. Rh3 O-O 19. Bb4 Bxb4 20. axb4 f6 21. exf6 Rxf6 22. f3 e5 23. Rg4 e4 24. Rhg3 g5 25. hxg6 exf3 26. gxf3 Rxf3 27. Rg1 Kg7 28. Bd3 Re8 29. Kd2 Rf6 30. Rd4 Re7 31. b3 Rf2+ 32. Kc3 Rf6 33. Kd2 Rf2+ 34. Kc3 Rf6 35. Kd2 1/2-1/2

[Event "UzChess Cup Masters"]
[Site "Tashkent UZB"]
[Date "2025.06.19"]
[Round "1"]
[White "Nodirbek Yakubboev"]
[Black "Arjun Erigaisi"]
[Result "0-1"]
[EventDate "2025.06.18"]
[WhiteElo "2659"]
[BlackElo "2782"]
[PlyCount "52"]

1. d4 d6 2. e4 Nf6 3. Bd3 e5 4. c3 Nbd7 5. Nf3 d5 6. dxe5 dxe4 7. exf6 exf3 8. fxg7 Bxg7 9. Qxf3 Ne5 10. Bb5+ Bd7 11. Qxb7 O-O 12. Bxd7 Nd3+ 13. Kf1 Qxd7 14. Na3 Rfe8 15. Be3 Rab8 16. Qf3 Rxb2 17. Nc4 Rc2 18. Rd1 Qa4 19. Nd2 Rxa2 20. h3 Ra1 21. Ke2 Nf4+ 22. Qxf4 Qxf4 23. Rxa1 Bxc3 24. Rxa7 Qg5 25. Nc4 Qb5 26. Kd3 Qb3 0-1

[Event "Norway Chess Armageddon"]
[Site "Stavanger NOR"]
[Date "2025.06.06"]
[Round "10.1"]
[White "Arjun Erigaisi"]
[Black "Magnus Carlsen"]
[Result "1-0"]
[EventDate "2025.05.26"]
[WhiteElo "2782"]
[BlackElo "2837"]
[PlyCount "68"]

1. d4 Nf6 2. c4 g6 3. Nc3 Bg7 4. e4 d6 5. Be2 Nbd7 6. Be3 e5 7. d5 Nc5 8. Qc2 a5 9. Nf3 Ng4 10. Bg5 f6 11. Bh4 g5 12. Bg3 f5 13. Nd2 f4 14. Bxg4 Bxg4 15. f3 Bd7 16. Bf2 b6 17. b3 g4 18. O-O-O Rg8 19. Kb2 gxf3 20. Nxf3 Bf6 21. Rhg1 Bg4 22. a3 Qd7 23. Nb5 Ke7 24. Rde1 Rg7 25. Nd2 Kf7 26. g3 Bh5 27. gxf4 exf4+ 28. Bd4 Qh3 29. Bxf6 Rxg1 30. Rxg1 Kxf6 31. e5+ Kxe5 32. Qxh7 Bg4 33. Qg7+ Kf5 34. Nd4# 1-0

[Event "Norway Chess Armageddon"]
[Site "Stavanger NOR"]
[Date "2025.06.05"]
[Round "9.1"]
[White "Hikaru Nakamura"]
[Black "Arjun Erigaisi"]
[Result "1-0"]
[EventDate "2025.05.26"]
[WhiteElo "2804"]
[BlackElo "2782"]
[PlyCount "96"]

1. e4 e5 2. Nf3 Nc6 3. Bb5 Bc5 4. c3 Nf6 5. d3 O-O 6. Nbd2 d5 7. O-O dxe4 8. dxe4 a5 9. a3 Qe7 10. Rb1 Nd8 11. b4 axb4 12. cxb4 Bd6 13. Bb2 Bg4 14. h3 Bh5 15. Qb3 c6 16. Be2 Ne6 17. Rfe1 Bxf3 18. Nxf3 Nf4 19. Bf1 Bc7 20. g3 Ng6 21. a4 Rfd8 22. a5 h6 23. Rbc1 Qe8 24. Bc3 b6 25. Ra1 Rdb8 26. Qa2 Qe7 27. Bd2 Bd6 28. Qc4 b5 29. Qxc6 Bxb4 30. Bxb4 Qxb4 31. a6 Ra7 32. Rab1 Qa3 33. Rxb5 Rba8 34. Re3 Qa1 35. Rb6 Nf8 36. Kg2 Ne6 37. Qd6 Kh7 38. Rb7 Ne8 39. Qxe5 Qxe5 40. Nxe5 Rxb7 41. axb7 Rb8 42. Ba6 N8c7 43. Nc6 Nxa6 44. Nxb8 Nxb8 45. Rc3 Nf8 46. Rc8 Nfd7 47. e5 Kg6 48. g4 1-0

[Event "Norway Chess Armageddon"]
[Site "Stavanger NOR"]
[Date "2025.06.01"]
[Round "6.1"]
[White "Arjun Erigaisi"]
[Black "Yi Wei"]
[Result "1-0"]
[EventDate "2025.05.26"]
[WhiteElo "2782"]
[BlackElo "2758"]
[PlyCount "70"]

1. d4 Nf6 2. c4 e6 3. Nf3 d5 4. Nc3 c5 5. cxd5 cxd4 6. Qa4+ Bd7 7. Qxd4 exd5 8. Nxd5 Qa5+ 9. Nc3 Nc6 10. Qd1 Ne4 11. Bd2 Nxd2 12. Nxd2 Bb4 13. Rc1 Bxc3 14. Rxc3 Qxa2 15. Nc4 Be6 16. e4 Rd8 17. Nd6+ Ke7 18. Qc1 Qa4 19. Nxb7 Qxe4+ 20. Be2 Rb8 21. Nc5 Qb4 22. Na6 Qxb2 23. Rxc6 Qxc1+ 24. Rxc1 Rb2 25. Nc5 Rc8 26. Bd3 a5 27. O-O Rd8 28. Rfe1 Rd4 29. Bc4 Rdd2 30. Nxe6 fxe6 31. Rxe6+ Kd7 32. Ra6 Rxf2 33. Bb5+ Kd8 34. Bf1 Rf5 35. Ra7 1-0

[Event "Norway Chess Armageddon"]
[Site "Stavanger NOR"]
[Date "2025.05.31"]
[Round "5.1"]
[White "Arjun Erigaisi"]
[Black "Hikaru Nakamura"]
[Result "1-0"]
[EventDate "2025.05.26"]
[WhiteElo "2782"]
[BlackElo "2804"]
[PlyCount "96"]

1. Nf3 d5 2. c4 e6 3. d4 Nf6 4. Nc3 a6 5. cxd5 exd5 6. Bf4 c6 7. e3 Bd6 8. Bxd6 Qxd6 9. Qc2 Nbd7 10. Bd3 O-O 11. O-O Re8 12. Rab1 a5 13. h3 b6 14. Rfc1 Bb7 15. a3 c5 16. Bb5 Rec8 17. Rd1 Nf8 18. Qf5 Qe7 19. Na4 Bc6 20. Nxb6 Bxb5 21. Nxc8 Qc7 22. dxc5 Rxc8 23. Rdc1 a4 24. Nd4 Bc4 25. c6 Ng6 26. Qc2 Qa7 27. Qc3 Ne7 28. Rd1 h6 29. Rbc1 Ne4 30. Qe1 Nxc6 31. Nf5 Ne7 32. Nxe7+ Qxe7 33. Rd4 Rb8 34. Rc2 Rb6 35. Qa5 Ra6 36. Qe1 Rg6 37. Qd1 Qg5 38. Qf3 Bb3 39. Rc8+ Kh7 40. h4 Qxh4 41. Qxf7 Rf6 42. Qg8+ Kg6 43. g3 Qg4 44. Rc7 Kh5 45. Rxg7 Rg6 46. Qf7 Bc4 47. Rxg6 Qxg6 48. g4+ 1-0

[Event "Norway Chess Armageddon"]
[Site "Stavanger NOR"]
[Date "2025.05.26"]
[Round "1.1"]
[White "Yi Wei"]
[Black "Arjun Erigaisi"]
[Result "0-1"]
[EventDate "2025.05.26"]
[WhiteElo "2758"]
[BlackElo "2782"]
[PlyCount "92"]

1. e4 e5 2. Nf3 Nc6 3. Bb5 Bc5 4. c3 Nf6 5. d4 exd4 6. e5 Nd5 7. O-O Be7 8. cxd4 d6 9. exd6 Qxd6 10. Nc3 O-O 11. h3 a6 12. Bd3 Be6 13. Re1 Qd7 14. Qc2 h6 15. a3 Rad8 16. Be3 Rfe8 17. Rad1 Nxc3 18. bxc3 Bd5 19. Bf5 Qd6 20. Nd2 Qxa3 21. Ra1 Qd6 22. c4 Be6 23. Bh7+ Kh8 24. d5 Nb4 25. Qb1 Bc8 26. c5 Qd7 27. Nf3 Bf6 28. Qxb4 Bxa1 29. Bc2 Bf6 30. Rd1 b6 31. cxb6 cxb6 32. Qa3 b5 33. Qd3 g6 34. Bxh6 Bb7 35. Bb3 Qf5 36. Qd2 Rd7 37. Be3 Kg8 38. Bb6 Bg7 39. Qa2 Qf6 40. Bd4 Qd6 41. Bxg7 Kxg7 42. Qb2+ Qf6 43. Qa3 Red8 44. Qc5 Rc8 45. Qa3 Rcd8 46. Qa2 a5 0-1

[Event "Bundesliga 2024/25"]
[Site "Deggendorf GER"]
[Date "2025.04.27"]
[Round "15.8"]
[White "Nodirbek Abdusattorov"]
[Black "Erigaisi Arjun"]
[Result "1/2-1/2"]
[EventDate "2024.09.28"]
[WhiteElo "2773"]
[BlackElo "2782"]
[PlyCount "56"]

1. e4 e6 2. d4 d5 3. Nc3 Nf6 4. e5 Nfd7 5. f4 c5 6. Nf3 Nc6 7. Be3 cxd4 8. Nxd4 Qb6 9. Qd2 Qxb2 10. Rb1 Qa3 11. Bb5 Nxd4 12. Bxd4 a6 13. Bxd7+ Bxd7 14. Rb3 Qe7 15. Rxb7 Qd8 16. O-O Rc8 17. Ne2 Be7 18. f5 exf5 19. Ng3 O-O 20. Nxf5 Bxf5 21. Rxf5 Rb8 22. Rb3 Qc8 23. Rff3 Rb7 24. h3 Bc5 25. c3 Bxd4+ 26. cxd4 Rxb3 27. Rxb3 h6 28. Kh2 1/2-1/2

[Event "Bundesliga 2024/25"]
[Site "Deggendorf GER"]
[Date "2025.04.26"]
[Round "14.7"]
[White "Arjun Erigaisi"]
[Black "Leon Livaic"]
[Result "1/2-1/2"]
[EventDate "2024.09.28"]
[WhiteElo "2778"]
[BlackElo "2550"]
[PlyCount "132"]
[WhiteTeam "Duesseldorfer SK"]
[BlackTeam "SC Heimbach-Weis-Neuwied"]

1. d4 d6 2. Nf3 Nf6 3. c4 g6 4. Nc3 Bg7 5. e4 Bg4 6. Be2 Bxf3 7. gxf3 Nfd7 8. f4 Nc6 9. e5 e6 10. h4 h5 11. Be3 Ne7 12. Bd3 Nb6 13. Qc2 d5 14. cxd5 Nbxd5 15. Nxd5 Qxd5 16. Be4 Qa5+ 17. b4 Qxb4+ 18. Kd1 O-O-O 19. Rb1 Rxd4+ 20. Bxd4 Qxd4+ 21. Ke2 Nd5 22. Bxd5 Qxd5 23. Rhd1 Qa5 24. Rd4 Bf8 25. Ra4 Qc5 26. Rc4 Qa5 27. Qe4 Qd5 28. Qc2 Qa5 29. Ra4 Qc5 30. Qe4 c6 31. Rab4 b5 32. Rd1 Be7 33. Rb2 Kc7 34. Rc2 Qb6 35. Rcd2 Rd8 36. Rxd8 Bxd8 37. Qd3 Bxh4 38. Qd7+ Kb8 39. Rd4 Qc5 40. Qe8+ Kb7 41. Rd7+ Ka6 42. Qc8+ Ka5 43. Qc7+ Kb4 44. Qxa7 Qc2+ 45. Rd2 Qe4+ 46. Qe3 Qxe3+ 47. fxe3 Ka3 48. Rd7 Kxa2 49. Rxf7 b4 50. Ra7+ Kb1 51. Rb7 c5 52. Kd3 Bg3 53. Rb6 h4 54. Rxe6 h3 55. Rxg6 h2 56. Rh6 b3 57. e6 b2 58. e7 Kc1 59. e8=Q b1=Q+ 60. Kc4 Qc2+ 61. Kd5 Qd1+ 62. Kxc5 h1=Q 63. Rxh1 Qxh1 64. Qg6 Qf3 65. Qd3 Bf2 66. Qc4+ 1/2-1/2

[Event "Bundesliga 2024/25"]
[Site "Deggendorf GER"]
[Date "2025.04.25"]
[Round "13.1"]
[White "Arjun Erigaisi"]
[Black "Max Warmerdam"]
[Result "1-0"]
[EventDate "2024.09.28"]
[WhiteElo "2778"]
[BlackElo "2679"]
[PlyCount "66"]
[WhiteTeam "Duesseldorfer SK"]
[BlackTeam "SG Solingen"]

1. Nf3 d5 2. b3 c5 3. e3 Nf6 4. Bb2 g6 5. Bb5+ Bd7 6. Be2 Bg7 7. c4 dxc4 8. bxc4 O-O 9. O-O Nc6 10. d3 Qc7 11. Nc3 Rfd8 12. Qc2 Rac8 13. h3 b6 14. Rad1 Ne5 15. Nd2 Qb7 16. f4 Nc6 17. a3 Nb8 18. Bf3 Bc6 19. e4 e6 20. e5 Bxf3 21. Nxf3 Ne8 22. Ne4 Nc6 23. Qf2 Qe7 24. Rfe1 Rd7 25. g4 Qd8 26. Qf1 a6 27. Kh1 Ne7 28. h4 b5 29. h5 Qb6 30. Bc3 Nc6 31. hxg6 hxg6 32. f5 bxc4 33. f6 1-0

[Event "Bundesliga 2024/25"]
[Site "Deizisau GER"]
[Date "2025.03.23"]
[Round "12.3"]
[White "Valery Kazakouski"]
[Black "Arjun Erigaisi"]
[Result "0-1"]
[EventDate "2024.09.28"]
[WhiteElo "2577"]
[BlackElo "2778"]
[PlyCount "114"]
[WhiteTeam "SF Bad Mergentheim"]
[BlackTeam "Duesseldorfer SK"]

1. e4 c5 2. Nf3 d6 3. Bb5+ Nd7 4. a4 Nf6 5. Nc3 a6 6. Be2 b6 7. d4 cxd4 8. Qxd4 Bb7 9. O-O e5 10. Qe3 Be7 11. Nd2 Nc5 12. Rd1 Rc8 13. Nc4 Nfxe4 14. Nxe4 Bxe4 15. b4 Bxc2 16. bxc5 Bxd1 17. Bxd1 Rxc5 18. Nb2 O-O 19. Nd3 Rc8 20. Bb3 Rc3 21. Rb1 d5 22. Bd2 Bg5 23. Qxg5 Qxg5 24. Bxg5 Rxd3 25. Bc2 Rc3 26. Bd1 Rfc8 27. Kf1 f6 28. Bd2 R3c6 29. Bf3 Rd8 30. Be2 a5 31. f3 Kf7 32. Rb2 f5 33. Bb5 Rc5 34. Ke2 Ke6 35. Bd3 Rd6 36. Bc2 e4 37. Bf4 Rdc6 38. Bb3 b5 39. Be3 b4 40. Rd2 Rc4 41. f4 g6 42. g3 Kd6 43. Kf2 Rc3 44. Bxd5 Rd3 45. Bxc6 Rxd2+ 46. Bxd2 Kxc6 47. Ke2 Kd5 48. Kd1 Kd4 49. Kc2 e3 50. Bc1 h5 51. Bb2+ Kc4 52. Be5 e2 53. Kd2 Kb3 54. Bf6 Kxa4 55. Kxe2 Ka3 56. Kd2 Ka2 57. Kc1 a4 0-1

[Event "World Blitz Championship"]
[Site "New York, NY USA"]
[Date "2024.12.30"]
[Round "1.12"]
[White "Arjun Erigaisi"]
[Black "Vugar Rasulov"]
[Result "1-0"]
[EventDate "2024.12.30"]
[WhiteElo "2749"]
[BlackElo "2511"]
[PlyCount "136"]

1. e4 e5 2. Nf3 Nc6 3. Bb5 a6 4. Ba4 Nf6 5. O-O b5 6. Bb3 Bb7 7. Re1 Bc5 8. c3 d6 9. d4 Bb6 10. Be3 O-O 11. Nbd2 exd4 12. cxd4 Nb4 13. Qb1 c5 14. a3 cxd4 15. Nxd4 Nc6 16. Nf5 Bxe3 17. Rxe3 Ne7 18. Nd4 Rc8 19. h3 Qb6 20. Qd3 d5 21. e5 Ne4 22. Rd1 Ng6 23. N2f3 Nf4 24. Qf1 Qg6 25. g3 Ne6 26. Nh4 Qh5 27. Ndf5 d4 28. Rxe4 Bxe4 29. Ne7+ Kh8 30. Nxc8 Rxc8 31. Qe1 g5 32. Qxe4 gxh4 33. g4 Qg6 34. Qxg6 hxg6 35. Bxe6 fxe6 36. Rxd4 Rc5 37. Rd6 Rxe5 38. Rxa6 Re2 39. Rb6 Rxb2 40. Rxe6 Kg7 41. Kg2 Rb3 42. Re3 Rb2 43. g5 b4 44. axb4 Rxb4 45. Kf3 Kf7 46. Re4 Rb5 47. Kg4 Rb2 48. Rf4+ Kg7 49. Kxh4 Rb1 50. Rf3 Rg1 51. Rg3 Rf1 52. Rg2 Kf7 53. Kg4 Ke6 54. f4 Re1 55. h4 Rh1 56. Rg3 Rh2 57. Rg1 Kf7 58. Kg3 Ra2 59. Rb1 Rc2 60. Rb7+ Ke6 61. Rg7 Kf5 62. Rf7+ Ke4 63. Rf6 Rc1 64. Rxg6 Rg1+ 65. Kf2 Rh1 66. Rf6 Rxh4 67. g6 Rg4 68. f5 1-0

[Event "World Blitz Championship"]
[Site "New York, NY USA"]
[Date "2024.12.30"]
[Round "2.9"]
[White "Mahammad Muradli"]
[Black "Arjun Erigaisi"]
[Result "0-1"]
[EventDate "2024.12.30"]
[WhiteElo "2588"]
[BlackElo "2801"]
[PlyCount "76"]

1. Nf3 d5 2. c4 e6 3. g3 Nf6 4. Bg2 d4 5. O-O Nc6 6. e3 e5 7. exd4 e4 8. d5 exf3 9. Qxf3 Ne5 10. Re1 Qe7 11. Qd1 Bg4 12. f3 Bxf3 13. Qa4+ Kd8 14. d4 Bxg2 15. Rxe5 Qd7 16. Qxd7+ Nxd7 17. Kxg2 Nxe5 18. dxe5 c6 19. Nc3 cxd5 20. cxd5 Kd7 21. Ne4 Rc8 22. Bd2 Rc4 23. Kf3 Bb4 24. Bf4 h6 25. a3 Be7 26. Bd2 Rd4 27. d6 Bg5 28. Bc3 Rd3+ 29. Kg4 b6 30. h4 Bd8 31. a4 Ke6 32. a5 f5+ 33. exf6 gxf6 34. Kh3 Rg8 35. Re1 Kd7 36. axb6 axb6 37. Bxf6 Re8 38. Kg4 Rxe4+ 0-1

[Event "World Blitz Championship"]
[Site "New York, NY USA"]
[Date "2024.12.30"]
[Round "3.6"]
[White "Arjun Erigaisi"]
[Black "Robby Kevlishvili"]
[Result "1-0"]
[EventDate "2024.12.30"]
[WhiteElo "2749"]
[BlackElo "2590"]
[PlyCount "116"]

1. d4 d5 2. Nf3 Nf6 3. e3 Bf5 4. c4 c6 5. Nc3 e6 6. Nh4 Be4 7. f3 Bg6 8. Bd2 Be7 9. Nxg6 hxg6 10. Qc2 Nbd7 11. O-O-O Rc8 12. Kb1 dxc4 13. Bxc4 b5 14. Be2 a6 15. e4 c5 16. d5 exd5 17. exd5 Bd6 18. g4 Kf8 19. h4 c4 20. h5 gxh5 21. g5 Ne8 22. Ne4 Nc5 23. f4 h4 24. Bg4 Nd3 25. Bc3 Rc7 26. f5 b4 27. Bd4 Be5 28. Bxe5 Nxe5 29. d6 Rc6 30. d7 Nc7 31. Bh3 Nb5 32. f6 Rc7 33. Rd5 Nd3 34. Rf1 g6 35. Nf2 b3 36. Qe2 Nf4 37. Qe7+ Qxe7 38. d8=Q+ Qe8 39. Re1 Ne6 40. Bxe6 fxe6 41. Ng4 Kf7 42. Nh6+ Rxh6 43. Qxe8+ Kxe8 44. gxh6 Kf7 45. h7 Rc8 46. Rd7+ Kxf6 47. Rf1+ Kg5 48. Rg7 Rh8 49. Rg1+ Kf5 50. Rf7+ Ke5 51. Rxg6 h3 52. Rh6 Nd4 53. Rxh3 Nf5 54. axb3 cxb3 55. Rxb3 Nd6 56. Ra7 Nc4 57. Rg3 Nd2+ 58. Ka2 1-0

[Event "World Blitz Championship"]
[Site "New York, NY USA"]
[Date "2024.12.30"]
[Round "4.5"]
[White "Chithambaram VR Aravindh"]
[Black "Arjun Erigaisi"]
[Result "0-1"]
[EventDate "2024.12.30"]
[WhiteElo "2718"]
[BlackElo "2801"]
[PlyCount "88"]

1. Nf3 Nf6 2. g3 d5 3. Bg2 c5 4. O-O e6 5. b3 Be7 6. Bb2 O-O 7. c4 d4 8. e3 Nc6 9. exd4 cxd4 10. Re1 Re8 11. d3 Bc5 12. Ne5 Nxe5 13. Rxe5 Bd6 14. Re1 e5 15. Nd2 Bg4 16. Bf3 Bf5 17. Bxb7 Rb8 18. Be4 Nxe4 19. Nxe4 Bb4 20. Rf1 Bh3 21. a3 Bf8 22. b4 f5 23. Nd2 Bxf1 24. Qxf1 a5 25. b5 a4 26. Qg2 Bc5 27. Re1 Qd6 28. h4 h6 29. h5 Rbd8 30. Qh3 Rf8 31. Nf3 e4 32. Nh4 e3 33. Bc1 f4 34. Ng6 exf2+ 35. Kxf2 fxg3+ 36. Kg1 Rde8 37. Rf1 Rxf1+ 38. Qxf1 Bxa3 39. Bf4 Qe6 40. Bxg3 Bd6 41. Bxd6 Qxd6 42. Qf3 a3 43. Kg2 a2 44. c5 Qxc5 0-1

[Event "World Blitz Championship"]
[Site "New York, NY USA"]
[Date "2024.12.30"]
[Round "5.4"]
[White "Arjun Erigaisi"]
[Black "Yi Wei"]
[Result "1-0"]
[EventDate "2024.12.30"]
[WhiteElo "2749"]
[BlackElo "2719"]
[PlyCount "82"]

1. d4 Nf6 2. c4 e6 3. Nc3 Bb4 4. f3 d5 5. a3 Be7 6. e4 dxe4 7. fxe4 c5 8. d5 exd5 9. exd5 O-O 10. Be2 Bd6 11. Nb5 Be5 12. Nf3 a6 13. Nxe5 axb5 14. O-O Re8 15. Nf3 bxc4 16. Bxc4 Nbd7 17. Bb5 h6 18. a4 Qb6 19. Bf4 Re4 20. Bg3 Nf8 21. d6 Be6 22. Nd2 Rd4 23. Be5 Ng4 24. Bxd4 cxd4 25. Qf3 Qxd6 26. Qf4 Qb4 27. Nf3 Rd8 28. h3 Ne3 29. Rf2 Qc5 30. Bd3 Bc4 31. Ne5 Bxd3 32. Qxf7+ Kh7 33. Nxd3 Qb6 34. Qe7 Ng6 35. Qe4 Kh8 36. a5 Qd6 37. b4 Nc4 38. Re1 Nf8 39. Qxb7 Ne3 40. a6 Qg6 41. Ne5 1-0

[Event "World Blitz Championship"]
[Site "New York, NY USA"]
[Date "2024.12.30"]
[Round "6.2"]
[White "Fabiano Caruana"]
[Black "Arjun Erigaisi"]
[Result "1-0"]
[EventDate "2024.12.30"]
[WhiteElo "2805"]
[BlackElo "2801"]
[PlyCount "80"]

1. e4 e6 2. d4 d5 3. Nc3 Nf6 4. e5 Nfd7 5. Nce2 c5 6. c3 Nc6 7. Nf3 Be7 8. g3 b5 9. h4 b4 10. Nf4 a5 11. Bd3 a4 12. a3 bxc3 13. bxc3 Qc7 14. O-O Nb6 15. Nh5 Kf8 16. Ng5 Bxg5 17. Bxg5 h6 18. Be3 g6 19. Nf6 Ba6 20. Bxa6 Rxa6 21. h5 g5 22. f4 Nc4 23. Qd3 cxd4 24. Bxd4 gxf4 25. Rxf4 N4xe5 26. Bc5+ Kg7 27. Qe2 Ra5 28. Bd4 Nxd4 29. cxd4 Nc6 30. Raf1 Kf8 31. Ng4 Nd8 32. Ne5 Rh7 33. Rg4 Ra7 34. Qd3 f5 35. Rg6 Rg7 36. Qe3 Rxg6 37. hxg6 Kg7 38. g4 Qe7 39. gxf5 exf5 40. Rxf5 1-0

[Event "World Blitz Championship"]
[Site "New York, NY USA"]
[Date "2024.12.30"]
[Round "8.2"]
[White "Arjun Erigaisi"]
[Black "Alireza Firouzja"]
[Result "1/2-1/2"]
[EventDate "2024.12.30"]
[WhiteElo "2749"]
[BlackElo "2871"]
[PlyCount "56"]

1. d4 Nf6 2. c4 e6 3. Nc3 Bb4 4. f3 c5 5. d5 b5 6. e4 d6 7. dxe6 Bxe6 8. Bf4 Qa5 9. Ne2 O-O 10. Qxd6 Bxc4 11. a3 Na6 12. Bg5 Rad8 13. Qg3 Kh8 14. Qf4 Bxe2 15. Bxe2 Bxc3+ 16. bxc3 Qxc3+ 17. Kf2 Qd4+ 18. Qe3 Nc7 19. Qxd4 cxd4 20. Rhc1 Ne6 21. Bxf6 gxf6 22. Bxb5 Rd6 23. Rab1 Rb8 24. Bc4 Rxb1 25. Rxb1 Rc6 26. Rb4 a5 27. Ra4 Nc5 28. Rxa5 Nxe4+ 1/2-1/2

[Event "World Blitz Championship"]
[Site "New York, NY USA"]
[Date "2024.12.30"]
[Round "9.6"]
[White "Dominguez Perez, Leinier"]
[Black "Arjun Erigaisi"]
[Result "1-0"]
[EventDate "2024.12.30"]
[WhiteElo "2656"]
[BlackElo "2749"]
[PlyCount "82"]

1. e4 e6 2. d4 d5 3. Nc3 Nf6 4. e5 Nfd7 5. f4 c5 6. Nf3 Nc6 7. Be3 a6 8. Qd2 b5 9. Be2 Qb6 10. Nd1 b4 11. c4 bxc3 12. Nxc3 Rb8 13. b3 Qa5 14. O-O cxd4 15. Nxd4 Nxd4 16. Bxd4 Bc5 17. Rac1 Bxd4+ 18. Qxd4 O-O 19. Na4 f6 20. Bg4 f5 21. Be2 Bb7 22. Rc3 Ba8 23. a3 Rbc8 24. Rfc1 Rxc3 25. Qxc3 Qd8 26. Qc7 a5 27. Bb5 Nb8 28. Nb6 Qh4 29. g3 Qh5 30. Nxa8 d4 31. Kg2 g5 32. Qb6 gxf4 33. Qxe6+ Kh8 34. Rc8 f3+ 35. Kg1 f2+ 36. Kg2 Rxc8 37. Qxc8+ Kg7 38. Qc7+ Kh6 39. Qd6+ Kg7 40. Qf6+ Kg8 41. Bc4+ 1-0

[Event "World Blitz Championship"]
[Site "New York, NY USA"]
[Date "2024.12.30"]
[Round "10.12"]
[White "Andrey Esipenko"]
[Black "Arjun Erigaisi"]
[Result "0-1"]
[EventDate "2024.12.30"]
[WhiteElo "2608"]
[BlackElo "2749"]
[PlyCount "132"]

1. e4 c5 2. Nf3 e6 3. Be2 Nc6 4. O-O a6 5. d4 cxd4 6. Nxd4 Qb6 7. Nb3 Nf6 8. Nc3 Qc7 9. a4 b6 10. Be3 Bb4 11. f3 Bb7 12. Qe1 d6 13. Qf2 Nd7 14. Qg3 Bxc3 15. bxc3 g6 16. Rfd1 e5 17. Bh6 Ne7 18. c4 a5 19. Nd2 Nc5 20. Nf1 Bc6 21. Ne3 Nxa4 22. Qh4 Nc3 23. Rd2 Nxe2+ 24. Rxe2 O-O-O 25. Qf6 Kb7 26. Ree1 Rhe8 27. Qh4 a4 28. Reb1 Ra8 29. Ra3 Bd7 30. Qe1 Qc5 31. Qc3 Nc6 32. Bg5 Nd4 33. Kh1 Be6 34. Bh4 Rec8 35. Qb2 Ra6 36. Be1 Bxc4 37. Bb4 Qb5 38. Qa1 Qd7 39. Rc3 Be6 40. Ba3 Rxc3 41. Qxc3 Nb5 42. Qb4 Nxa3 43. Qxa3 Qc6 44. h3 Qc5 45. Rb4 Ra5 46. c4 Kc7 47. Kh2 Kd7 48. Nd1 Bxc4 49. Nc3 Bb3 50. Nb1 b5 51. Nd2 Be6 52. Nb1 h5 53. h4 Ra8 54. Nc3 Bc4 55. Nd1 Ke8 56. Ne3 Be6 57. Nd1 Kf8 58. Nc3 Bc4 59. Nb1 Kg8 60. Nd2 Be6 61. Nb1 Qf2 62. Rxb5 Qxh4+ 63. Kg1 Qe1+ 64. Kh2 h4 65. Qxd6 Qg3+ 66. Kg1 h3 0-1

[Event "World Blitz Championship"]
[Site "New York, NY USA"]
[Date "2024.12.30"]
[Round "11.8"]
[White "Arjun Erigaisi"]
[Black "Anish Giri"]
[Result "0-1"]
[EventDate "2024.12.30"]
[WhiteElo "2749"]
[BlackElo "2659"]
[PlyCount "62"]

1. d4 Nf6 2. c4 g6 3. Nc3 Bg7 4. e4 d6 5. Be2 O-O 6. Bg5 c5 7. d5 b5 8. cxb5 a6 9. a4 Qa5 10. Bd2 axb5 11. Bxb5 Ba6 12. Nge2 Bxb5 13. Nxb5 Qb6 14. f3 Na6 15. Bc3 Nc7 16. Nxc7 Qxc7 17. O-O Rfb8 18. Qc2 Qb7 19. Rfb1 Nd7 20. Ra3 Bxc3 21. Nxc3 Nb6 22. b3 Nd7 23. Raa1 Qb4 24. Nb5 Rxb5 25. axb5 Rxa1 26. Rxa1 Qd4+ 27. Kf1 Qxa1+ 28. Kf2 Qd4+ 29. Kf1 Qb4 30. Qc4 Qxc4+ 31. bxc4 Nb6 0-1

[Event "World Blitz 2024"]
[Site "New York, NY USA"]
[Date "2024.12.30"]
[Round "12.12"]
[White "Denis Lazavik"]
[Black "Arjun Erigaisi"]
[Result "1-0"]
[EventDate "2024.12.30"]
[WhiteElo "2610"]
[BlackElo "2749"]
[PlyCount "86"]

1. d4 Nf6 2. c4 e6 3. Nc3 Bb4 4. a3 Bxc3+ 5. bxc3 Nc6 6. f3 d6 7. e4 b6 8. Bd3 Na5 9. f4 Ba6 10. Qe2 c5 11. Nf3 Qc7 12. e5 dxe5 13. fxe5 Nd7 14. O-O cxd4 15. cxd4 Bxc4 16. Ng5 Bxd3 17. Qxd3 Qc4 18. Qe4 Qd5 19. Qxd5 exd5 20. e6 fxe6 21. Nxe6 Ke7 22. Nxg7 Raf8 23. Bg5+ Kd6 24. Nf5+ Kc7 25. Ne3 Rxf1+ 26. Rxf1 Kc6 27. Rc1+ Kd6 28. Bf4+ Ke6 29. Rc7 a6 30. Nxd5 Kxd5 31. Rxd7+ Ke4 32. Be5 Rc8 33. Rxh7 Nc4 34. h4 Nxa3 35. Ra7 a5 36. h5 Nb5 37. Rb7 Rc6 38. Bg7 a4 39. h6 a3 40. h7 a2 41. d5 Rc1+ 42. Kh2 Nd4 43. Bxd4 Kxd5 1-0